=LDR 00000nam 2200000 4500 =001 INLIS000000000018165 =005 20130612113341 =008 ***********************************Ind** =035 ##$$0010-061300000018165 =041 ##$$a Ind =082 ##$$a 515.430 76 =090 ##$$a 515.430 76, Put i =100 ##$$a Putrianti, Sri Rejeki =245 ##$$a Integral, 1000 soal dan penyelesaiannya untuk perguruan tinggi, oleh Dra. Sri Rejeki Dwi Putrianti =260 ##$$a 1999 $b Jakarta =300 ##$$a iv, 447 hlm, 22 cm =650 ##$$a Analisis =850 ##$$a NBPNMAT